COMPARATIVE EVALUATION OF DIAGNOSTIC EFFICACIES OF CHEMILUMINESCENCE AND LUGOL'S LODINE IN ORAL POTENTIALLY MALIGNANT DISORDERS (Record no. 16010)
[ view plain ]
| 000 -LEADER | |
|---|---|
| fixed length control field | 00411nam a22001337a 4500 |
| 003 - CONTROL NUMBER IDENTIFIER | |
| control field | SGT |
| 082 ## - DEWEY DECIMAL CLASSIFICATION NUMBER | |
| Classification number | 617.63 |
| Item number | C15S |
| 100 ## - MAIN ENTRY--PERSONAL NAME | |
| Personal name | SOOD, AMWANI |
| 245 ## - TITLE STATEMENT | |
| Title | COMPARATIVE EVALUATION OF DIAGNOSTIC EFFICACIES OF CHEMILUMINESCENCE AND LUGOL'S LODINE IN ORAL POTENTIALLY MALIGNANT DISORDERS |
| 260 ## - PUBLICATION, DISTRIBUTION, ETC. (IMPRINT) | |
| Place of publication, distribution, etc | DELHI NCR |
| Name of publisher, distributor, etc | SGT UNIVERSITY GURUGRAM |
| Year of Publication | 2015 |
| 300 ## - PAGE DESCRIPTION | |
| No. of Pages | 1-114 |
| 650 ## - SUBJECT ADDED ENTRY--TOPICAL TERM | |
| Topical term or geographic name as entry element | ORAL MEDICINE |
| 942 ## - ADDED ENTRY ELEMENTS (KOHA) | |
| Source of classification or shelving scheme | Dewey Decimal Classification |
| Koha item type | Thesis/Dissertation |
| Withdrawn status | Lost status | Source of classification or shelving scheme | Damaged status | Not for loan | Home library | Current library | Shelving location | Date acquired | Vendor Name | SGTU | Total Checkouts | Full call number | Accession No. (Barcode) | Date last seen | Bill Date | Koha item type |
|---|---|---|---|---|---|---|---|---|---|---|---|---|---|---|---|---|
| Dewey Decimal Classification | SGT Dental Library | SGT Dental Library | Reference Book | 10/09/2018 | PERFECT BOOK BINDING HOUSE NEW DELHI | SGTU | 617.63 C15S | DT309 | 10/09/2018 | 10/09/2018 | Thesis/Dissertation |